The color dictionary of flowers and plants for home and garden / (Record no. 1125)

MARC details
000 -LEADER
fixed length control field 01172cam a2200313 i 4500
005 - DATE AND TIME OF LATEST TRANSACTION
control field 20260322212048.0
008 - FIXED-LENGTH DATA ELEMENTS--GENERAL INFORMATION
fixed length control field data
010 ## - LIBRARY OF CONGRESS CONTROL NUMBER
LC control number 75329642
020 ## - INTERNATIONAL STANDARD BOOK NUMBER
International Standard Book Number 0517524562 :
Terms of availability {dollar}6.95
020 ## - INTERNATIONAL STANDARD BOOK NUMBER
International Standard Book Number 9780517524565 :
Terms of availability {dollar}6.95
040 ## - CATALOGING SOURCE
Original cataloging agency DLC
Transcribing agency DLC
Modifying agency DLC
050 00 - LIBRARY OF CONGRESS CALL NUMBER
Classification number SB407
Item number .H292 1975
082 00 - DEWEY DECIMAL CLASSIFICATION NUMBER
Classification number 635.9/03
092 ## - LOCALLY ASSIGNED DEWEY CALL NUMBER (OCLC)
Classification number 635.9 H292 1975
001 - CONTROL NUMBER
control field data
100 1# - MAIN ENTRY--PERSONAL NAME
Personal name Hay, Roy.
240 10 - UNIFORM TITLE
Uniform title Dictionary of garden plants in colour
245 14 - TITLE STATEMENT
Title The color dictionary of flowers and plants for home and garden /
Statement of responsibility, etc. Roy Hay & Patrick Millington Synge.
250 ## - EDITION STATEMENT
Edition statement Compact ed.
260 ## - PUBLICATION, DISTRIBUTION, ETC.
Place of publication, distribution, etc. New York :
Name of publisher, distributor, etc. Crown Publishers,
Date of publication, distribution, etc. 1975, c1969.
300 ## - PHYSICAL DESCRIPTION
Extent 584 p. :
Other physical details 2048 col. ill. ;
Dimensions 23 cm.
500 ## - GENERAL NOTE
General note First published under title: The dictionary of garden plants in colour.
650 #0 - SUBJECT ADDED ENTRY--TOPICAL TERM
Topical term or geographic name entry element Plants, Ornamental
General subdivision Pictorial works.
650 #0 - SUBJECT ADDED ENTRY--TOPICAL TERM
Topical term or geographic name entry element Plants, Ornamental
General subdivision Dictionaries.
700 1# - ADDED ENTRY--PERSONAL NAME
Personal name Synge, Patrick Millington,
Relator term joint author.
856 42 - ELECTRONIC LOCATION AND ACCESS
Materials specified Publisher description
Uniform Resource Identifier <a href="http://www.loc.gov/catdir/description/random044/75329642.html">http://www.loc.gov/catdir/description/random044/75329642.html</a>
906 ## - LOCAL DATA ELEMENT F, LDF (RLIN)
a 7
b cbc
c orignew
d 2
e ncip
f 19
g y-gencatlg
991 ## -
-- c-GenColl
-- SB407
-- .H292 1975
-- 00017607352
-- Copy 1
-- BOOKS
Holdings
Withdrawn status Lost status Damaged status Not for loan Home library Current library Shelving location Date acquired Total checkouts Full call number Barcode Date last seen Price effective from Koha item type
        Centerville Centerville General stacks 22/03/2026   635.9/03 BC0011162 22/03/2026 22/03/2026 Books